Elixir of empire : (Record no. 110236)

MARC details
000 -LEADER
campo de control de longitud fija 00497nam a2200181 4500
001 - NÚMERO DE CONTROL
campo de control 26862
005 - FECHA Y HORA DE LA ÚLTIMA TRANSACCIÓN
campo de control 20230411085953.0
008 - DATOS DE LONGITUD FIJA--INFORMACIÓN GENERAL
campo de control de longitud fija 060907n1989 dr spa
020 ## - NÚMERO INTERNACIONAL ESTÁNDAR DEL LIBRO
Número Internacional Estándar del Libro 0721207545
035 ## - NÚMERO DE CONTROL DEL SISTEMA
-- funglode27065
041 ## - CÓDIGO DE IDIOMA
Código de lengua del texto/banda sonora o título independiente EN
100 ## - ENTRADA PRINCIPAL--NOMBRE DE PERSONA
Nombre de persona Rich, P. J.
245 1# - MENCIÓN DEL TÍTULO
Título Elixir of empire :
Resto del título the english public schools, ritualism, freemasonry, and imperialism /
Mención de responsabilidad, etc. P. J. Rich
250 ## - MENCION DE EDICION
Mención de edición 2
260 ## - PUBLICACIÓN, DISTRIBUCIÓN, ETC.
Lugar de publicación, distribución, etc. London :
Nombre del editor, distribuidor, etc. Regency Press,
Fecha de publicación, distribución, etc. 1989
300 ## - DESCRIPCIÓN FÍSICA
Extensión 151 p.
942 ## - ELEMENTOS DE ENTRADA SECUNDARIOS (KOHA)
Fuente del sistema de clasificación o colocación Clasificación de Library of Congress
Tipo de ítem Koha
Holdings
Estatus retirado Estado de pérdida Fuente del sistema de clasificación o colocación Estado de daño No para préstamo Colección Biblioteca de origen Biblioteca actual Ubicación en estantería Fecha de adquisición Código de barras Visto por última vez Copia número Tipo de ítem Koha
    Clasificación de Library of Congress     Automatización y Procesos Técnicos Biblioteca Juan Bosch Biblioteca Juan Bosch Automatización y Procesos Técnicos (1er. Piso) 17/02/2019 00000027767 17/02/2019 1